000 00213 a2200097 4500
001 49654
100 _aRussel
245 _aSeapical Essays
260 _aLondon
_bGeorge Alen & Unwin Ltd
_c
090 _c32167
_d32167
942 _aNUST-CAE
_cM
_c24633
999 _c284727
_d284727